Invincible Characters by Picture - Statistics

General Stats
  • This quiz has been taken 408 times
  • The average score is 44 of 62
Answer Stats
Picture Answer % Correct
Mark Grayson
100%
Nolan Grayson
100%
Oliver Grayson
98%
Debbie Grayson
97%
The Immortal
97%
Allen the Alien
96%
Atom Eve
96%
Cecil Stedman
96%
Rex Splode
96%
Robot
96%
Conquest
94%
Dupli-Kate
94%
Battle Beast
92%
Monster Girl
92%
Thragg
92%
Amber Bennett
89%
Mauler Twins
89%
Darkwing
88%
William Clockwell
88%
Anissa
87%
Red Rush
87%
Paul
84%
Donald Ferguson
83%
Tech Jacket
83%
Angstrom Levy
82%
Bulletproof
82%
Shrinking Rae
80%
Damien Darkblood
77%
Kregg
77%
Art Rosenbaum
76%
Green Ghost
75%
Space Racer
75%
Lucan
73%
Powerplex
73%
Shapesmith
72%
Black Samson
71%
War Woman
71%
Mohawk Invincible
69%
Titan
69%
Machine Head
68%
Martian Man
68%
Multi-Paul
68%
Thaedus
68%
Doc Seismic
64%
Aquarus
60%
Sinister Mark
60%
Darkwing II
59%
Dinosaurus
58%
D.A. Sinclair
56%
Brit
55%
Thula
51%
Telia
46%
Rick Sheridan
36%
King Lizard
35%
Mister Liu
34%
Adam Wilkins
32%
Vidor
26%
Betsy Wilkins
25%
Kradd
25%
Universa
25%
Dropkick/Fightmaster
20%
Ka-Hor
20%
No matching quizzes found
Score Distribution
Percent of People with Each Score
Percentile by Number Answered
Your Score History
You have not taken this quiz